000 00464nam a2200157Ia 4500
003 LDD
008 190117s9999 xx 000 0 und d
020 _c₹150
040 _cLDD
041 _ahi
100 _aनगेन्द्र
245 0 _aमैथिलीशरण गुप्त काव्य-संदर्भ कोश
_cनगेन्द्र
260 _aदिल्ली
_bप्रभात
_c1987
300 _a248
942 _2ddc
_cH
999 _c161877
_d161877